000 00394cam a22001337a 4500
999 _c525366
_d525366
008 180718b2012 xxu||||| |||| 00| 0 eng d
082 _aA45:K782 In2/2018
100 _aGovernment of India
_912191
245 _aAnnual report, 2022-23
_cCentral vigilance commission
260 _aNew Delhi
_bCental vigilance commission
_c2022-23
300 _a252p.
650 _aVigilance
_912192
942 _2ddc